000 00632nam a2200169 4500
999 _c17075
_d17075
008 220602b ||||| |||| 00| 0 eng d
022 _a0732-8435
082 _aDPer 657.05 C33 Sept - Dec 2012, v. 82 n. 9 - 12
100 _aDavis, Charles E.
_945383
245 _aA potential resurgence of outsourcing:
_bessential questions answered/
_cCharles E. Davis and Elizabeth Davis.
260 _aNew York:
_bThe New York State Society of CPA,
_c©2012.
300 _av82 n10, pages 56-61:
_billustrations;
_c28 cm.
500 _aThe CPA Journal.
650 _aBusiness.
_945384
700 _aDavis, E.
_eAuthor.
_945385
942 _2ddc
_cPER